000 00630nam a2200217Ia 4500
003 OSt
005 20230616152606.0
008 210423s2019 xx 000 0 und d
020 _a978-0-07-061788-9
040 _cAL
041 _aeng
082 _a620.5
_223
_bPRAN
100 _aPRADEEP (T)
_997092
245 _aNano: the essentials understanding nanoscience and nanotechnology
260 _aNew Delhi
_bMcGrawhill Education
_c2019
300 _axvii,444
_bPB
365 _b895
_cINR
650 _aNanotechnology
_997093
906 _aessentials ; Nano: ; nanoscience ; nanotechnology ; understanding
942 _2ddc
_cBK
999 _c170888
_d170888